Studies in Shona phonetics : (Record no. 4772)
[ view plain ]
| 000 -LEADER | |
|---|---|
| fixed length control field | 01362cam a2200349 a 4500 |
| 001 - CONTROL NUMBER | |
| control field | 613372 |
| 003 - CONTROL NUMBER IDENTIFIER | |
| control field | GZU |
| 005 - DATE AND TIME OF LATEST TRANSACTION | |
| control field | 20210323154800.0 |
| 008 - FIXED-LENGTH DATA ELEMENTS--GENERAL INFORMATION | |
| fixed length control field | 930910s1990 rh a b l000 0 eng d |
| 010 ## - LIBRARY OF CONGRESS CONTROL NUMBER | |
| LC control number | 91980018 |
| 020 ## - INTERNATIONAL STANDARD BOOK NUMBER | |
| International Standard Book Number | 0908307128 |
| 035 ## - SYSTEM CONTROL NUMBER | |
| System control number | (OCoLC)22523149 |
| 035 ## - SYSTEM CONTROL NUMBER | |
| System control number | 21729449 (KKUA) |
| 040 ## - CATALOGING SOURCE | |
| Original cataloging agency | KU |
| Transcribing agency | KU |
| Modifying agency | DLC |
| 042 ## - AUTHENTICATION CODE | |
| Authentication code | lccopycat |
| 043 ## - GEOGRAPHIC AREA CODE | |
| Geographic area code | f-rh--- |
| 050 04 - LIBRARY OF CONGRESS CALL NUMBER | |
| Classification number | PL8681 |
| Item number | .P66 1990 |
| 100 1# - MAIN ENTRY--PERSONAL NAME | |
| Personal name | Pongweni, Alec J. C. |
| 245 10 - TITLE STATEMENT | |
| Title | Studies in Shona phonetics : |
| Remainder of title | an analytical review / |
| Statement of responsibility, etc. | by A.J.C. Pongweni. |
| 260 ## - PUBLICATION, DISTRIBUTION, ETC. | |
| Place of publication, distribution, etc. | Harare, Zimbabwe : |
| Name of publisher, distributor, etc. | University of Zimbabwe, |
| Date of publication, distribution, etc. | c1990. |
| 300 ## - PHYSICAL DESCRIPTION | |
| Extent | xi, 172 p. : |
| Other physical details | ill. ; |
| Dimensions | 21 cm. |
| 500 ## - GENERAL NOTE | |
| General note | "Supplement to Zambeza, 1989 : the journal of the University of Zimbabwe." |
| 500 ## - GENERAL NOTE | |
| General note | Revision of the author's thesis (Ph. D.--University of London, 1977) under title: The Phonetics and phonology of the Karanga dialect of Shona as spoken in the Midlands region of Rhodesia. |
| 504 ## - BIBLIOGRAPHY, ETC. NOTE | |
| Bibliography, etc. note | Includes bibliographical references (p. 169-172). |
| 650 #0 - SUBJECT ADDED ENTRY--TOPICAL TERM | |
| Topical term or geographic name entry element | Shona language |
| General subdivision | Dialects |
| Geographic subdivision | Zimbabwe |
| General subdivision | Phonetics. |
| 650 #0 - SUBJECT ADDED ENTRY--TOPICAL TERM | |
| Topical term or geographic name entry element | Karanga language (Bantu) |
| General subdivision | Phonetics. |
| 651 #0 - SUBJECT ADDED ENTRY--GEOGRAPHIC NAME | |
| Geographic name | Zimbabwe |
| General subdivision | Languages. |
| 730 0# - ADDED ENTRY--UNIFORM TITLE | |
| Uniform title | Zambeza. |
| Name of part/section of a work | Supplement. |
| 906 ## - LOCAL DATA ELEMENT F, LDF (RLIN) | |
| a | 7 |
| b | cbc |
| c | copycat |
| d | 3 |
| e | ncip |
| f | 19 |
| g | y-gencatlg |
| 942 ## - ADDED ENTRY ELEMENTS (KOHA) | |
| Source of classification or shelving scheme | Library of Congress Classification |
| Koha item type | Books |
| Classification part | 8681 |
| Item part | PON |
| Call number prefix | PL |
| Call number suffix | 1990 |
| Withdrawn status | Lost status | Damaged status | Not for loan | Collection code | Home library | Current library | Shelving location | Date acquired | Total Checkouts | Full call number | Barcode | Date last seen | Copy number | Price effective from | Koha item type | Date last checked out |
|---|---|---|---|---|---|---|---|---|---|---|---|---|---|---|---|---|
| Non-fiction | City Campus Library | City Campus Library | General Stacks | 03/23/2021 | PL8681 PON 1990 | G22100 | 03/23/2021 | c.1 | 03/23/2021 | Books | ||||||
| Non-fiction | City Campus Library | City Campus Library | General Stacks | 03/25/2021 | PL8681 PON 1990 | G21599 | 03/25/2021 | c.2 | 03/25/2021 | Books | ||||||
| Non-fiction | City Campus Library | City Campus Library | General Stacks | 03/25/2021 | PL8681 PON 1990 | G21350 | 03/25/2021 | c.3 | 03/25/2021 | Books | ||||||
| Non-fiction | City Campus Library | City Campus Library | General Stacks | 03/25/2021 | PL8681 PON 1990 | 014794 | 03/25/2021 | c.4 | 03/25/2021 | Books | ||||||
| Non-fiction | City Campus Library | City Campus Library | General Stacks | 04/07/2021 | 1 | PL8681 PON 1990 | G21384 | 11/19/2021 | c.5 | 04/07/2021 | Books | 11/12/2021 |